000 00278nam a2200109Ia 4500
008 190911s9999||||xx |||||||||||||| ||und||
100 _aMichael Wolfe
245 0 _aHigh Performance Compilers for Parallel Computing
260 _aUSA
_bPearson
_c1988
300 _a796
942 _cBK
999 _c6956
_d6956